000 00452nam a2200169 a 4500
005 20140310183319.0
008 060227s19uu xx 00 eng d
020 _a0553158430
050 _aPZ 7
_b.P278 1991
100 _aPascal, Francine
245 _aSVT: Lucy takes the reins/.
_cFrancine Pascal
260 _aNew York :
_bBantam Skylark Book,
_c1991.
300 _a133 p. :
_c17 cm.
650 _aFiction.
942 _cBK
_2lcc
999 _c21357
_d21357